[Event "PRO League Group Stage"]
[Site "chess.com INT"]
[Date "2019.02.26"]
[Round "8"]
[White "Postny, Evgeny"]
[Black "Niemann, Hans"]
[Result "1-0"]
[WhiteTitle "GM"]
[BlackTitle "IM"]
[WhiteElo "2623"]
[BlackElo "2466"]
[WhiteTeam "Pittsburgh Pawngrabbers"]
[BlackTeam "Saint Louis Arch Bishops"]
[WhiteFideId "2804344"]
[BlackFideId "2093596"]
[EventDate "2019.01.08"]

1. d4 d5 2. c4 c6 3. Nf3 e6 4. e3 f5 5. Be2 Nf6 6. O-O Bd6 7. b3 O-O 8. Ba3 Bxa3
9. Nxa3 Bd7 10. Nc2 Be8 11. Ne5 Nbd7 12. Nd3 Qe7 13. Qc1 Bh5 14. Bxh5 Nxh5 15.
Nce1 g5 16. Nf3 g4 17. Nfe5 Nxe5 18. Nxe5 Rf6 19. g3 Rff8 20. Rb1 Nf6 21. b4
Rfc8 22. Qb2 a6 23. Rfc1 Ne4 24. a4 b5 25. cxd5 cxd5 26. axb5 axb5 27. Ra1 Rxa1
28. Qxa1 Rxc1+ 29. Qxc1 Qb7 30. h3 h5 31. hxg4 hxg4 32. Kg2 Nf6 33. Qc5 Ne4 34.
Qc1 Nf6 35. Qh1 Qe7 36. Nd3 Qh7 37. Qa1 Qe7 38. Qa6 Qe8 39. Nc5 Kf7 40. Qb7+ Kg8
41. Qc7 Ne4 42. Nd7 Qe7 43. Qb8+ Kg7 44. Qxb5 Nc3 45. Qc6 Ne4 46. Nc5 Nxc5 47.
dxc5 Qf6 48. Qc7+ Kg6 49. Qd6 Kg5 50. c6 Qc3 51. c7 d4 52. Qd8+ Kg6 53. c8=Q 1-0

[Event "PRO League Group Stage"]
[Site "chess.com INT"]
[Date "2019.02.26"]
[Round "8"]
[White "Erenburg, Sergey"]
[Black "Rosenthal, Nicholas"]
[Result "1-0"]
[WhiteTitle "GM"]
[WhiteElo "2589"]
[BlackElo "2180"]
[WhiteTeam "Pittsburgh Pawngrabbers"]
[BlackTeam "Saint Louis Arch Bishops"]
[WhiteFideId "2805642"]
[BlackFideId "2045150"]
[EventDate "2019.01.08"]

1. e4 e6 2. d4 d5 3. Nd2 dxe4 4. Nxe4 Nd7 5. Bd3 Ngf6 6. Qe2 Be7 7. Nf3 c5 8.
O-O cxd4 9. Rd1 O-O 10. Nxd4 a6 11. Nxf6+ Nxf6 12. Bf4 Qb6 13. c3 Bd7 14. a4 Nd5
15. Be5 Bf6 16. a5 Qa7 17. Qe4 g6 18. Bc4 Bc6 19. Bxf6 Nxf6 20. Qe5 Nd7 21. Qd6
Nf6 22. Qe5 Nd7 23. Qe3 Qc5 24. Be2 Rac8 25. Rd2 Qe7 26. Rad1 Nf6 27. Nxc6 Rxc6
28. Bf3 Rc5 29. Bxb7 Qxb7 30. Qxc5 Ne4 31. Qb6 Qxb6 32. axb6 Nxd2 33. Rxd2 Rb8
34. Rd6 Kf8 35. c4 Ke7 36. c5 e5 37. b4 f5 38. Kf1 e4 39. Ke2 g5 40. Ke3 Kf7 41.
Kd4 Re8 42. c6 f4 43. c7 e3 44. fxe3 fxe3 45. Rd8 Re7 46. c8=Q e2 47. Rf8+ Kg7
48. Rg8+ Kh6 49. Qf8+ Rg7 50. Qxg7+ 1-0

[Event "PRO League Group Stage"]
[Site "chess.com INT"]
[Date "2019.02.27"]
[Round "8"]
[White "Jones, Gawain C B"]
[Black "Eljanov, Pavel"]
[Result "0-1"]
[WhiteTitle "GM"]
[BlackTitle "GM"]
[WhiteElo "2691"]
[BlackElo "2680"]
[WhiteTeam "London Lions"]
[BlackTeam "Miami Champions"]
[WhiteFideId "409561"]
[BlackFideId "14102951"]
[EventDate "2019.01.08"]

1. e4 c6 2. d4 d5 3. Nc3 dxe4 4. Nxe4 Bf5 5. Ng3 Bg6 6. h4 h6 7. Nf3 e6 8. Ne5
Bh7 9. Bd3 Bxd3 10. Qxd3 Nd7 11. Bf4 Nxe5 12. Bxe5 Qa5+ 13. c3 Nf6 14. b4 Qd8
15. b5 cxb5 16. Bxf6 gxf6 17. Qxb5+ Qd7 18. a4 Rg8 19. Nh5 Be7 20. g3 f5 21. Nf4
O-O-O 22. Qxd7+ Rxd7 23. Nd3 Bd6 24. Ke2 f6 25. Rhd1 e5 26. Rab1 Rg4 27. Ne1 f4
28. gxf4 Rxf4 29. Ng2 Rg4 30. Ne3 Rxh4 31. dxe5 fxe5 32. Nf5 Re4+ 33. Kf1 Bc5
34. Rxd7 Kxd7 35. Rxb7+ Kc6 36. Rf7 Rxa4 37. Nxh6 a5 38. Ke2 Rh4 39. Nf5 Rf4 40.
Ne7+ Kb5 41. Rxf4 exf4 42. Nd5 f3+ 43. Kd3 Bxf2 44. c4+ Kc5 45. Nc3 Kb4 46. Ne4
Bc5 47. Nd2 f2 48. Kc2 a4 49. Kb2 Be3 50. Nf1 Bf4 51. c5 Kxc5 52. Kc3 a3 53. Kb3
Kd4 54. Kxa3 Kd3 0-1

[Event "PRO League Group Stage"]
[Site "chess.com INT"]
[Date "2019.02.26"]
[Round "8"]
[White "Tan, Justin2"]
[Black "Iturrizaga Bonelli, Eduardo"]
[Result "0-1"]
[WhiteTitle "GM"]
[BlackTitle "GM"]
[WhiteElo "2502"]
[BlackElo "2637"]
[WhiteTeam "London Lions"]
[BlackTeam "Miami Champions"]
[WhiteFideId "3206882"]
[BlackFideId "3901211"]
[EventDate "2019.01.08"]

1. e4 c5 2. Nf3 e6 3. c3 Nf6 4. e5 Nd5 5. d4 cxd4 6. cxd4 Nc6 7. Bc4 d6 8. O-O
Be7 9. Bd2 O-O 10. Nc3 dxe5 11. dxe5 Nb6 12. Bb3 Nd4 13. Nxd4 Qxd4 14. Re1 Bd7
15. Qe2 Bc6 16. Rad1 Qh4 17. Ne4 Rfd8 18. Bc2 Rac8 19. Ng3 Bxg2 20. f3 Rxc2 0-1

[Event "PRO League Group Stage"]
[Site "chess.com INT"]
[Date "2019.02.27"]
[Round "8"]
[White "Wang, Tianqi"]
[Black "Horton, Andrew P"]
[Result "0-1"]
[BlackTitle "IM"]
[WhiteElo "2329"]
[BlackElo "2388"]
[WhiteTeam "Miami Champions"]
[BlackTeam "London Lions"]
[WhiteFideId "2063824"]
[BlackFideId "424269"]
[EventDate "2019.01.08"]

1. Nf3 Nf6 2. c4 e6 3. b3 a6 4. e3 c5 5. Be2 Be7 6. Bb2 Nc6 7. O-O O-O 8. a3 d5
9. cxd5 Nxd5 10. Qc2 Bf6 11. Rc1 Bd7 12. Nc3 Nxc3 13. Bxc3 b6 14. Qb2 Bxc3 15.
Rxc3 Qe7 16. Rac1 Rfc8 17. h3 h6 18. Bf1 a5 19. d4 cxd4 20. Nxd4 Na7 21. b4 axb4
22. axb4 Rxc3 23. Rxc3 Rc8 24. Rxc8+ Nxc8 25. Qc3 Qd6 26. Nb5 Qb8 27. Nc7 Ne7
28. Bd3 Bc6 29. Na6 Qd6 30. b5 Bb7 31. Nc7 Qd7 32. Be2 Nf5 33. Qc4 Nd6 34. Qc1
Ne4 35. Bf3 Nc5 36. Bxb7 Qxc7 37. Bc6 Qd6 38. Qa1 Qd8 39. Qa7 g6 40. g3 h5 41.
h4 Kg7 42. Kg2 e5 43. e4 Nd3 44. Bd5 Qf6 45. Qa2 Ne1+ 46. Kf1 Nf3 47. Bc6 Nd4
48. Qa3 Nxc6 49. bxc6 Qxc6 50. Qb4 b5 51. Kg1 Qc4 52. Qa5 Qc1+ 53. Kg2 Qb1 54.
Kh2 Qb2 55. Kg2 b4 56. g4 hxg4 57. h5 gxh5 58. Qd8 Qc1 59. Qe7 Qf4 60. Qxb4 h4
61. Qe7 Qxe4+ 62. Kg1 Qe1+ 63. Kg2 h3+ 64. Kg3 Qg1+ 0-1

[Event "PRO League Group Stage"]
[Site "chess.com INT"]
[Date "2019.02.27"]
[Round "8"]
[White "Sevian, Samuel"]
[Black "Le, Quang Liem"]
[Result "1-0"]
[WhiteTitle "GM"]
[BlackTitle "GM"]
[WhiteElo "2647"]
[BlackElo "2714"]
[WhiteTeam "Montclair Sopranos"]
[BlackTeam "Webster Windmills"]
[WhiteFideId "2040506"]
[BlackFideId "12401137"]
[EventDate "2019.01.08"]

1. c4 e5 2. Nc3 Nf6 3. Nf3 Nc6 4. e3 Bb4 5. Qc2 d6 6. Ne2 a5 7. a3 Bc5 8. d4 Ba7
9. d5 Ne7 10. Ng3 O-O 11. Be2 c6 12. dxc6 bxc6 13. O-O Ng6 14. b4 d5 15. Bb2 Qe7
16. Rfd1 Rd8 17. b5 cxb5 18. cxd5 Nxd5 19. Bxb5 Bb7 20. Qf5 Bxe3 21. Nxe5 Nxe5
22. Qxe5 Qxe5 23. Bxe5 Bf4 24. Bb2 Rac8 25. Rab1 Bg5 26. Bd4 Nc3 27. Bxc3 Rxc3
28. Rxd8+ Bxd8 29. Re1 h5 30. Re8+ Kh7 31. Rxd8 h4 32. Nf1 Rxa3 33. Rd7 Be4 34.
Rxf7 Rb3 35. Rf4 g5 36. Rxe4 Rxb5 37. h3 Kg6 38. Ne3 Rb1+ 39. Kh2 Ra1 40. Re6+
Kf7 41. Re5 Kg6 42. Re6+ Kf7 43. Ra6 a4 44. Nc4 Ra2 45. Ne5+ Ke7 46. Nf3 a3 47.
Nxg5 1-0

[Event "PRO League Group Stage"]
[Site "chess.com INT"]
[Date "2019.02.27"]
[Round "8"]
[White "Shimanov, Aleksandr"]
[Black "Smith, Daniel"]
[Result "1-0"]
[WhiteTitle "GM"]
[WhiteElo "2610"]
[BlackElo "2047"]
[WhiteTeam "Webster Windmills"]
[BlackTeam "Montclair Sopranos"]
[WhiteFideId "4198603"]
[BlackFideId "2024195"]
[EventDate "2019.01.08"]

1. e4 c6 2. d4 d5 3. e5 Bf5 4. h4 h5 5. Bd3 Bxd3 6. Qxd3 e6 7. Bg5 Qb6 8. Nd2 c5
9. c4 cxd4 10. cxd5 exd5 11. Ngf3 Nc6 12. O-O Nge7 13. Nb3 Nb4 14. Qd2 Nf5 15.
Nbxd4 Nxd4 16. Nxd4 Nc6 17. Nf5 d4 18. Rfe1 g6 19. e6 gxf5 20. exf7+ Kxf7 21.
Qd3 Qc5 22. Qb3+ Kg6 23. Re6+ Kh7 24. Qxb7+ Bg7 25. Rh6+ Kg8 26. Qxa8+ Qf8 27.
Rxh8+ Kxh8 28. Qxc6 f4 29. Re1 Qf7 30. Re7 Qf5 31. Bh6 Bf6 32. Qe8# 1-0

[Event "PRO League Group Stage"]
[Site "chess.com INT"]
[Date "2019.02.27"]
[Round "8"]
[White "Grabinsky, Joshua"]
[Black "Lenderman, Aleksandr"]
[Result "0-1"]
[WhiteTitle "CM"]
[BlackTitle "GM"]
[WhiteElo "2078"]
[BlackElo "2637"]
[WhiteTeam "Webster Windmills"]
[BlackTeam "Montclair Sopranos"]
[WhiteFideId "30919754"]
[BlackFideId "2021285"]
[EventDate "2019.01.08"]

1. e4 e5 2. Nf3 Nf6 3. Nxe5 d6 4. Nf3 Nxe4 5. Nc3 Nxc3 6. dxc3 Be7 7. Be3 O-O 8.
Qd2 Nd7 9. h4 Nf6 10. Bd3 c5 11. Bg5 d5 12. c4 dxc4 13. Bxc4 Qxd2+ 14. Nxd2 h6
15. Bf4 b6 16. O-O-O Bb7 17. f3 Nd5 18. Bxd5 Bxd5 19. c4 Be6 20. b3 Rfd8 21. h5
Bf6 22. Ne4 Bd4 23. Rhe1 Rd7 24. Be3 Rad8 25. Bxd4 Rxd4 26. Rxd4 Rxd4 27. Rd1
Rxd1+ 28. Kxd1 Kf8 29. Kd2 Ke7 30. a3 f5 31. Nf2 Kf6 32. Ke3 Kg5 33. Nh3+ Kh4
34. Nf4 Bf7 35. Kf2 Kg5 36. Ke3 Bxh5 37. Nd5 Be8 38. b4 cxb4 39. Nxb4 f4+ 40.
Ke4 Kh4 41. Kxf4 g5+ 42. Kf5 Kg3 43. Nd5 Kxg2 44. Nf6 Kxf3 45. Nxe8 g4 46. Nf6
g3 47. Ng4 g2 48. Nh2+ Kg3 49. Ng4 g1=Q 50. Nxh6 Qc5+ 51. Kg6 Kf4 52. Nf7 Qxc4
53. Kf6 Qc3+ 54. Ke6 Qxa3 55. Ne5 Qe3 0-1

[Event "PRO League Group Stage"]
[Site "chess.com INT"]
[Date "2019.02.27"]
[Round "8"]
[White "Khamrakulov, Djurabek"]
[Black "Sai, Krishna G V"]
[Result "0-1"]
[WhiteTitle "GM"]
[BlackTitle "IM"]
[WhiteElo "2503"]
[BlackElo "2409"]
[WhiteTeam "New York Marshalls"]
[BlackTeam "Montreal Chessbrahs"]
[WhiteFideId "14201143"]
[BlackFideId "5028280"]
[EventDate "2019.01.08"]

1. e4 e5 2. Nf3 Nc6 3. d4 exd4 4. Nxd4 Nf6 5. Nxc6 bxc6 6. Nc3 d5 7. exd5 cxd5
8. Bd3 Be7 9. O-O O-O 10. h3 Rb8 11. b3 c5 12. Re1 c4 13. bxc4 Bb4 14. Bd2 dxc4
15. Bxc4 Qd4 16. Bxf7+ Rxf7 17. Re3 Bf5 18. Rf3 Bg6 19. Rb1 Rd8 20. Be3 Qxd1+
21. Nxd1 a5 22. Rc1 Ba3 23. Bb6 Bxc1 24. Bxd8 Rd7 25. Bxf6 Rxd1+ 26. Kh2 gxf6
27. Rxf6 Bb2 28. Rb6 Be5+ 29. g3 Be4 0-1

[Event "PRO League Group Stage"]
[Site "chess.com INT"]
[Date "2019.02.27"]
[Round "8"]
[White "Xu, Grant"]
[Black "Rodrigue-Lemieux, Shawn"]
[Result "0-1"]
[BlackTitle "FM"]
[WhiteElo "2207"]
[BlackElo "2293"]
[WhiteTeam "New York Marshalls"]
[BlackTeam "Montreal Chessbrahs"]
[WhiteFideId "2052318"]
[BlackFideId "2620049"]
[EventDate "2019.01.08"]

1. e4 c6 2. d4 d5 3. Nc3 dxe4 4. Nxe4 Nf6 5. Nxf6+ exf6 6. Nf3 Bd6 7. Bd3 O-O 8.
O-O Re8 9. h3 Nd7 10. c4 Nf8 11. Re1 Ng6 12. Bd2 Be6 13. Qc2 Qd7 14. Bf1 Bf5 15.
Qb3 Bf4 16. Bxf4 Nxf4 17. Re3 Ne6 18. Rd1 Rad8 19. Nh4 Bg6 20. Nxg6 hxg6 21.
Red3 Nf4 22. R3d2 b6 23. Qf3 Ne6 24. d5 Ng5 25. Qf4 c5 26. f3 Nh7 27. Bd3 Re5
28. Re2 Rde8 29. Rde1 Qd6 30. Qd2 Ng5 31. h4 Rxe2 32. Rxe2 Rxe2 33. Qxe2 Nh7 34.
Kf2 Nf8 35. g3 Kh7 36. f4 Nd7 37. h5 f5 38. hxg6+ fxg6 39. Kf3 Nf6 40. Qe5 Qd8
41. Qe6 Qe8 42. Qe5 Qa4 43. Ke2 Ng4 44. Qc3 Qe8+ 45. Kd1 Qe3 46. Qd2 Qxg3 47.
Kc2 Ne3+ 48. Kb3 Qxf4 49. d6 Qd4 50. d7 Ng4 51. Qc3 Qxd7 52. Be2 Nf6 53. Qh3+
Kg8 54. Qg2 Kf7 55. Qa8 Ne4 56. a3 Qe7 57. Qd5+ Kf6 58. Bf3 Nd6 59. Ka2 g5 60.
Qd3 g4 61. Bd5 Qe5 62. Qf1 Ne4 63. Qh1 Kg5 64. Bf7 g3 65. Qh5+ Kf4 66. Qh4+ Ke3
67. Qh3 Kf2 68. Qh4 g5 69. Qh5 g2 70. Bd5 g1=Q 71. Qh3 Nc3+ 72. bxc3 Qe2+ 73.
Kb3 Qgd1# 0-1

[Event "PRO League Group Stage"]
[Site "chess.com INT"]
[Date "2019.02.27"]
[Round "8"]
[White "Hansen, Eric"]
[Black "Azarov, Sergei"]
[Result "0-1"]
[WhiteTitle "GM"]
[BlackTitle "GM"]
[WhiteElo "2615"]
[BlackElo "2575"]
[WhiteTeam "Montreal Chessbrahs"]
[BlackTeam "New York Marshalls"]
[WhiteFideId "2606771"]
[BlackFideId "13501470"]
[EventDate "2019.01.08"]

1. e4 e5 2. Nf3 Nc6 3. Bb5 a6 4. Ba4 Nf6 5. O-O Be7 6. Re1 b5 7. Bb3 d6 8. c3
O-O 9. h3 h6 10. d4 Re8 11. Nbd2 Bf8 12. Nf1 Bb7 13. Ng3 Na5 14. Bc2 Nc4 15. b3
Nb6 16. Bb2 c5 17. Qd2 Qc7 18. Rad1 Rac8 19. Bb1 c4 20. Nf5 exd4 21. Qxd4 Re6
22. Ba3 Ne8 23. Bc1 Nd7 24. b4 Ne5 25. Nh2 Nf6 26. f3 d5 27. exd5 Nxd5 28. Ng4
Nd3 29. Bxd3 cxd3 30. Qxd3 Qxc3 31. Qd2 Rxe1+ 32. Rxe1 Bxb4 33. Qxc3 Bxc3 34.
Rd1 Bb4 35. Bb2 h5 36. Nf2 g6 37. Nd4 Nc3 38. Ra1 Rd8 39. a3 Ba5 40. Nb3 Ne2+
41. Kf1 Ng3+ 42. Kg1 Bb6 43. Re1 a5 44. Bf6 Rc8 45. Bd4 Bc7 46. Nc5 Bc6 47. Nce4
Nxe4 48. Nxe4 Bxe4 49. Rxe4 Bd6 50. Bb6 a4 51. Re3 Rc1+ 52. Kf2 Rc2+ 53. Kf1 Kf8
54. Rd3 Ke7 55. Ba5 Rb2 56. Re3+ Kd7 57. Rd3 Rb3 58. Rd1 Ke6 59. Ke2 Bxa3 60.
Rd8 Be7 61. Re8 a3 62. Bd8 Kd7 63. Rxe7+ Kxd8 64. Ra7 b4 65. h4 Rb2+ 66. Ke3 a2
67. g4 b3 68. gxh5 gxh5 69. Kd4 Rb1 70. Kd5 a1=Q 0-1

[Event "PRO League Group Stage"]
[Site "chess.com INT"]
[Date "2019.02.27"]
[Round "8"]
[White "Saric, Ivan"]
[Black "Zhigalko, Sergei"]
[Result "1/2-1/2"]
[WhiteTitle "GM"]
[BlackTitle "GM"]
[WhiteElo "2690"]
[BlackElo "2604"]
[WhiteTeam "Montreal Chessbrahs"]
[BlackTeam "New York Marshalls"]
[WhiteFideId "14508150"]
[BlackFideId "13502956"]
[EventDate "2019.01.08"]

1. e4 c5 2. Nf3 Nc6 3. Bb5 Nf6 4. Nc3 Qc7 5. O-O Nd4 6. Re1 a6 7. Bc4 d6 8. Nd5
Nxd5 9. exd5 g6 10. Nxd4 cxd4 11. d3 h6 12. a4 Bg7 13. Qe2 Bf6 14. a5 h5 15. Qf3
Kf8 16. h3 h4 17. Bd2 Bf5 18. c3 b5 19. axb6 Qxb6 20. Ra2 Kg7 21. cxd4 Ra7 22.
Ba5 Qxd4 23. Bc3 Qb6 24. Rea1 Bxc3 25. bxc3 a5 26. Qf4 Bd7 27. Re2 Bf5 28. Rea2
Bd7 29. Re2 Bf5 30. Rea2 Bd7 1/2-1/2

[Event "PRO League Group Stage"]
[Site "chess.com INT"]
[Date "2019.02.27"]
[Round "8"]
[White "Erenburg, Sergey"]
[Black "Caruana, Fabiano"]
[Result "0-1"]
[WhiteTitle "GM"]
[BlackTitle "GM"]
[WhiteElo "2589"]
[BlackElo "2828"]
[WhiteTeam "Pittsburgh Pawngrabbers"]
[BlackTeam "Saint Louis Arch Bishops"]
[WhiteFideId "2805642"]
[BlackFideId "2020009"]
[EventDate "2019.01.08"]

1. e4 c5 2. Nf3 e6 3. d4 cxd4 4. Nxd4 a6 5. Bd3 Bc5 6. Nb3 Be7 7. Qg4 g6 8. Qe2
d6 9. O-O Nc6 10. Nc3 b5 11. a4 b4 12. Na2 Bb7 13. a5 Nf6 14. Bh6 Qc7 15. Rfc1
Rg8 16. c3 bxc3 17. Nxc3 g5 18. e5 dxe5 19. Ra4 Qd7 20. Rd1 Nd5 21. Be4 Ncb4 22.
Rxb4 Bxb4 23. Nxd5 Bxd5 24. h4 gxh4 25. Bxd5 exd5 26. Qxe5+ Qe6 27. Qf4 Rg4 28.
Qf3 Qe4 29. Qxe4+ dxe4 30. Rd4 Rb8 31. f3 Rg6 32. Rxe4+ Re6 33. Rg4 Bd6 34. Rg8+
Kd7 35. Rxb8 Re1+ 36. Kf2 Bg3# 0-1

[Event "PRO League Group Stage"]
[Site "chess.com INT"]
[Date "2019.02.27"]
[Round "8"]
[White "Postny, Evgeny"]
[Black "So, Wesley"]
[Result "1/2-1/2"]
[WhiteTitle "GM"]
[BlackTitle "GM"]
[WhiteElo "2623"]
[BlackElo "2765"]
[WhiteTeam "Pittsburgh Pawngrabbers"]
[BlackTeam "Saint Louis Arch Bishops"]
[WhiteFideId "2804344"]
[BlackFideId "5202213"]
[EventDate "2019.01.08"]

1. d4 Nf6 2. c4 e6 3. Nf3 d5 4. g3 Bb4+ 5. Bd2 Be7 6. Bg2 O-O 7. O-O Nbd7 8. Qc2
Ne4 9. Nc3 Nxd2 10. Nxd2 c6 11. e3 a5 12. a3 Nb6 13. c5 Nd7 14. b4 e5 15. Nb3
axb4 16. axb4 Rxa1 17. Rxa1 Re8 18. Ra8 exd4 19. Nxd4 Nf6 20. Qa4 Qc7 21. Qa7
Bd7 22. Rxe8+ Bxe8 23. Qa8 g6 24. Bh3 Kg7 25. Qc8 Bd8 26. Qxc7 Bxc7 27. Bc8 b6
28. Bb7 bxc5 29. bxc5 Be5 30. Nce2 Ne4 31. Bxc6 Bxd4 32. Nxd4 Bxc6 33. Nxc6 Kf6
34. Nb4 Nxc5 35. Nxd5+ Ke5 36. Nc3 h5 37. f3 g5 38. h3 f5 39. f4+ Kf6 40. Kf2
Kg6 41. Kf3 Kf6 42. Nd5+ Kg6 43. fxg5 Kxg5 44. h4+ Kg6 45. Nf4+ Kh6 46. Ne2 Kg6
47. Nd4 Kf6 48. Nb5 Kg6 49. Nc7 Kf6 50. Ne8+ Kg6 51. Nd6 Kf6 52. Nc4 Kg6 53. Nd2
Kf6 54. Nb1 Ne4 55. Na3 Nc5 56. Nc4 Kg6 57. Nb6 Kf6 58. Nd5+ Kg6 59. Nb4 Kf6 60.
Nd5+ Kg6 1/2-1/2

[Event "PRO League Group Stage"]
[Site "chess.com INT"]
[Date "2019.02.27"]
[Round "8"]
[White "Niemann, Hans"]
[Black "Yu, Jennifer"]
[Result "1-0"]
[WhiteTitle "IM"]
[BlackTitle "FM"]
[WhiteElo "2466"]
[BlackElo "2313"]
[WhiteTeam "Saint Louis Arch Bishops"]
[BlackTeam "Pittsburgh Pawngrabbers"]
[WhiteFideId "2093596"]
[BlackFideId "2078341"]
[EventDate "2019.01.08"]

1. d4 d5 2. c4 c6 3. Nf3 Nf6 4. Nc3 dxc4 5. a4 Bf5 6. e3 e6 7. Bxc4 Bb4 8. O-O
Nbd7 9. Nh4 O-O 10. Nxf5 exf5 11. Qc2 Nb6 12. Be2 g6 13. a5 Nbd5 14. a6 b6 15.
Nxd5 cxd5 16. Qb3 Qe7 17. Bf3 Rfd8 18. Ra4 Bd6 19. Bd2 Rac8 20. Raa1 Ne4 21.
Bxe4 Qxe4 22. Rac1 f4 23. Qb5 Rxc1 24. Rxc1 f3 25. g3 Qf5 26. Qf1 g5 27. Qb5 g4
28. Re1 Qc2 29. Bc3 Qe4 30. Rd1 Kg7 31. Kf1 h5 32. Qd3 Qe6 33. Ke1 h4 34. Kd2
hxg3 35. hxg3 Rh8 36. Kc1 f5 37. Kb1 Kg6 38. Qb5 Rh2 39. Qc6 Kf6 40. Qb7 Rxf2
41. Qxa7 Qxe3 42. Qxb6 Qe6 43. a7 Re2 44. a8=Q f2 45. Qh8+ Kg6 46. Qb7 Be7 47.
Qbb8 Re1 48. Qbg8+ 1-0

[Event "PRO League Group Stage"]
[Site "chess.com INT"]
[Date "2019.02.27"]
[Round "8"]
[White "Rosenthal, Nicholas"]
[Black "Le, Tuan Minh"]
[Result "1/2-1/2"]
[BlackTitle "IM"]
[WhiteElo "2180"]
[BlackElo "2515"]
[WhiteTeam "Saint Louis Arch Bishops"]
[BlackTeam "Pittsburgh Pawngrabbers"]
[WhiteFideId "2045150"]
[BlackFideId "12401153"]
[EventDate "2019.01.08"]

1. e4 c5 2. Nf3 Nf6 3. Nc3 d5 4. exd5 Nxd5 5. Bc4 Nb6 6. Bb5+ Bd7 7. Bxd7+ Qxd7
8. O-O Nc6 9. d3 e6 10. Re1 Be7 11. Bf4 O-O 12. Ne5 Nxe5 13. Bxe5 Rfe8 14. Qg4
f6 15. Bg3 Bf8 16. Re2 Rac8 17. Rae1 Rc6 18. h4 Qf7 19. a3 a6 20. Kh2 Nd7 21. a4
g6 22. Nd5 f5 23. Qf3 e5 24. Rxe5 Nxe5 25. Rxe5 Rce6 26. Rxe6 Rxe6 27. Bf4 Bg7
28. b3 h6 29. Be3 Rd6 30. c4 Rc6 31. g3 Kh7 32. Qf4 Qe6 33. Kg2 Qe5 34. Qf3 h5
35. Qd1 b5 36. Bf4 Qe6 37. axb5 axb5 38. Qf3 bxc4 39. bxc4 Rc8 40. Be3 Be5 41.
Bg5 Bd4 42. Nf4 Qc6 43. Nd5 Kg7 44. Qf4 Re8 45. Qf3 Kf7 46. Kh2 Qe6 47. Nc7 Qe2
48. Qd5+ Re6 49. Qd7+ Re7 50. Qxe7+ Qxe7 51. Bxe7 Kxe7 52. Kg2 Be5 53. Nb5 f4
54. Kf3 fxg3 55. fxg3 Kf6 56. Na3 Bc3 57. Nc2 Ke5 58. Ke3 Kf5 59. Kf3 Ke5 60. g4
Ba5 61. gxh5 gxh5 62. Kg3 Bd8 63. Kh3 Be7 64. Kg3 Bf6 65. Na1 Kd4 66. Nb3+ Kxd3
67. Nxc5+ Kxc4 68. Ne4 Bxh4+ 69. Kxh4 Kd4 70. Kxh5 1/2-1/2

[Event "PRO League Group Stage"]
[Site "chess.com INT"]
[Date "2019.02.27"]
[Round "8"]
[White "Le, Quang Liem"]
[Black "Guseinov, Gadir"]
[Result "0-1"]
[WhiteTitle "GM"]
[BlackTitle "GM"]
[WhiteElo "2714"]
[BlackElo "2664"]
[WhiteTeam "Webster Windmills"]
[BlackTeam "Montclair Sopranos"]
[WhiteFideId "12401137"]
[BlackFideId "13401378"]
[EventDate "2019.01.08"]

1. d4 Nf6 2. c4 g6 3. Nc3 Bg7 4. e4 d6 5. Be2 O-O 6. Bg5 Na6 7. Qd2 e5 8. d5 c6
9. f3 cxd5 10. cxd5 Bd7 11. Rc1 Qa5 12. Nb5 Qxd2+ 13. Bxd2 Ne8 14. b4 f5 15. Nh3
Bf6 16. Nf2 Bd8 17. a4 Bb6 18. Rf1 Nac7 19. Nxc7 Nxc7 20. a5 Bxf2+ 21. Rxf2 Nb5
22. Bg5 Rac8 23. exf5 Rxc1+ 24. Bxc1 Rc8 25. Be3 gxf5 26. f4 Nc3 27. Bxa7 Ne4
28. Rf3 Rc1+ 29. Bd1 Ba4 30. Rd3 Bc2 31. Rd2 Nxd2 32. Kxd2 Rxd1+ 33. Kxc2 Rxd5
34. fxe5 dxe5 35. Kc3 Kf7 36. g3 Ke6 37. Be3 Rd1 38. b5 Ra1 39. Kb4 Kd5 40. Bb6
Rb1+ 0-1

[Event "PRO League Group Stage"]
[Site "chess.com INT"]
[Date "2019.02.27"]
[Round "8"]
[White "Durarbayli, Vasif"]
[Black "Sevian, Samuel"]
[Result "1-0"]
[WhiteTitle "GM"]
[BlackTitle "GM"]
[WhiteElo "2620"]
[BlackElo "2647"]
[WhiteTeam "Webster Windmills"]
[BlackTeam "Montclair Sopranos"]
[WhiteFideId "13402935"]
[BlackFideId "2040506"]
[EventDate "2019.01.08"]

1. d4 Nf6 2. Nf3 d5 3. Bf4 c5 4. e3 cxd4 5. exd4 Nc6 6. c3 Bg4 7. Nbd2 e6 8. Qb3
Qc8 9. Ne5 Bf5 10. Qa4 a6 11. Nxc6 Qxc6 12. Qxc6+ bxc6 13. Nb3 Nd7 14. f3 Be7
15. Na5 c5 16. Nc6 Bf8 17. b4 Rc8 18. b5 c4 19. a4 Ra8 20. g4 Bg6 21. h4 h5 22.
Rh2 axb5 23. Rha2 b4 24. cxb4 hxg4 25. b5 gxf3 26. Bg3 Be7 27. a5 Rxh4 28. b6
Re4+ 29. Kf2 Bg5 30. b7 Ra6 31. Nb8 Ra7 32. a6 Bh5 33. Re1 Rxe1 34. Kxe1 Bh4 35.
Bxh4 Nxb8 36. Bg3 Nd7 37. b8=Q+ Nxb8 38. Bxb8 Ra8 39. a7 Kd7 40. Kd2 Kc6 41. Kc3
g5 42. Rh2 Bg6 43. Bh3 Bd3 44. Bg4 Be4 45. Rf2 f5 46. Bxf3 Bxf3 47. Rxf3 f4 48.
Rf1 e5 49. dxe5 Kd7 50. Kd4 Ke6 51. Rf2 Kf5 52. Kxd5 g4 53. e6 f3 54. e7 1-0

[Event "PRO League Group Stage"]
[Site "chess.com INT"]
[Date "2019.02.27"]
[Round "8"]
[White "Lenderman, Aleksandr"]
[Black "Shimanov, Aleksandr"]
[Result "0-1"]
[WhiteTitle "GM"]
[BlackTitle "GM"]
[WhiteElo "2637"]
[BlackElo "2610"]
[WhiteTeam "Montclair Sopranos"]
[BlackTeam "Webster Windmills"]
[WhiteFideId "2021285"]
[BlackFideId "4198603"]
[EventDate "2019.01.08"]

1. d4 g6 2. c4 Bg7 3. Nf3 c5 4. e4 cxd4 5. Nxd4 Nc6 6. Be3 d6 7. Nc3 Nf6 8. Be2
O-O 9. O-O Bd7 10. f3 Nxd4 11. Bxd4 Bc6 12. Qd2 a5 13. b3 Nd7 14. Be3 Nc5 15.
Rac1 e6 16. Nb5 Be5 17. Bg5 Qb6 18. Qe3 Bxb5 19. cxb5 Rfc8 20. Kh1 a4 21. b4 Nd7
22. Qd2 Qd4 23. Qxd4 Bxd4 24. Rfd1 e5 25. Be7 a3 26. Bxd6 Nb6 27. Rf1 Na4 28.
Bc4 Nc3 29. Rxc3 Bxc3 30. Bd5 Rd8 31. Bc7 Rd7 32. b6 Ra4 33. Bc6 bxc6 34. b7
Rxb4 35. b8=Q+ Rxb8 36. Bxb8 Rd2 37. Ba7 Rxa2 38. Bc5 Bd4 39. Bxd4 exd4 0-1